La construcción de la identidad en tiempos de crisis: el papel de la violencia y la religión (Record no. 62202)

MARC details
000 -LEADER
campo de control de longitud fija 00659nmm a2200193Ia 4500
008 - DATOS DE LONGITUD FIJA--INFORMACIÓN GENERAL
campo de control de longitud fija 251105s9999||||xx |||||||||||||||||und||
020 ## - NÚMERO INTERNACIONAL ESTÁNDAR DEL LIBRO
Número Internacional Estándar del Libro 9788416421626
041 ## - CÓDIGO DE IDIOMA
Código de lengua del texto/banda sonora o título independiente spa
100 ## - ENTRADA PRINCIPAL--NOMBRE DE PERSONA
Nombre de persona Atienza de Frutos, D.
245 #0 - MENCIÓN DEL TÍTULO
Título La construcción de la identidad en tiempos de crisis: el papel de la violencia y la religión
264 ## - PRODUCCIÓN, PUBLICACIÓN, DISTRIBUCIÓN, FABRICACIÓN Y COPYRIGHT
Producción, publicación, distribución, fabricación y copyright [Madrid, España] :
Nombre del de productor, editor, distribuidor, fabricante Anthropos,
Fecha de producción, publicación, distribución, fabricación o copyright 2017
300 ## - DESCRIPCIÓN FÍSICA
Extensión 336 páginas
490 ## - MENCIÓN DE SERIE
Mención de serie Pensamiento crítico / Pensamiento utópico
650 ## - PUNTO DE ACCESO ADICIONAL DE MATERIA--TÉRMINO DE MATERIA
Término de materia o nombre geográfico como elemento de entrada Philosophy, Ethics
700 ## - ENTRADA AGREGADA--NOMBRE PERSONAL
Nombre de persona Atienza de Frutos, D.
700 1# - ENTRADA AGREGADA--NOMBRE PERSONAL
Nombre de persona García-Ramos Gallego, D. (coords.)
856 ## - LOCALIZACIÓN Y ACCESO ELECTRÓNICOS
Identificador Uniforme de Recursos <a href="https://public.digitaliapublishing.com/a/54648">https://public.digitaliapublishing.com/a/54648</a>
942 ## - ELEMENTOS DE ENTRADA SECUNDARIOS (KOHA)
Tipo de ítem Koha Libro Digital

No items available.

Powered by Koha